| Tag |
First Indicator |
Second Indicator |
Subfields |
| LEADER |
00000cam a2200000 4500 |
| 001 |
in00000679313 |
| 005 |
20180223091837.0 |
| 008 |
730503s1965 nyuabch b 00010 eng u |
| 010 |
|
|
|a 65020435
|
| 035 |
|
|
|a (OCoLC)00615777
|
| 035 |
|
|
|9 ACZ9610AM
|
| 040 |
|
|
|c WSU
|d TXA
|d UtOrBLW
|
| 049 |
|
|
|a TXAM
|c [459443]
|
| 050 |
|
0 |
|a E249
|b .M68
|
| 092 |
|
|
|a 973.317
|b M877p
|
| 100 |
1 |
|
|a Morris, Richard B.
|q (Richard Brandon),
|d 1904-1989.
|
| 245 |
1 |
4 |
|a The peacemakers ;
|b the great powers and American independence /
|c by Richard B. Morris.
|
| 250 |
|
|
|a [1st ed.].
|
| 264 |
|
1 |
|a New York :
|b Harper & Row,
|c [1965]
|
| 300 |
|
|
|a xviii, 572 pages :
|b illustrations, facsimiles, maps, portraits ;
|c 25 cm.
|
| 336 |
|
|
|a text
|b txt
|2 rdacontent
|
| 337 |
|
|
|a unmediated
|b n
|2 rdamedia
|
| 338 |
|
|
|a volume
|b nc
|2 rdacarrier
|
| 504 |
|
|
|a Bibliographical references included in "Notes" (pages 467-552).
|
| 586 |
|
|
|a Bancroft Prize, 1966
|
| 630 |
0 |
0 |
|a Definitive Treaty of Peace Between Great Britain and the United States
|d (1783 September 3)
|
| 651 |
|
0 |
|a United States
|x Foreign relations
|y 1775-1783.
|
| 651 |
|
0 |
|a Europe
|x Politics and government
|y 18th century.
|
| 999 |
|
|
|a MARS
|
| 999 |
f |
f |
|s ef2624ec-0d17-38e3-b9f1-eb810c4bf948
|i cd19af15-d66c-306a-a9b9-921cd0c3a836
|t 0
|
| 952 |
f |
f |
|p ric
|a Texas A&M University
|b Rellis Campus
|c Joint Library Facility
|d Remote Storage
|t 0
|e E249 M68
|h Library of Congress classification
|i unmediated -- volume
|m A14801520848
|
| 998 |
f |
f |
|a E249 M68
|t 0
|l Remote Storage
|